000 00498nam a2200181Ia 4500
008 090124s9999 xx 000 0 und d
082 _b121675
100 _aकाळे वैजयंती.
245 _a थोरला भाऊ
250 _a1
260 _c1986
300 _a278
600 _aकाळे वैजयंती.
630 _a थोरला भाऊ
700 _aकाळे वैजयंती.
730 _a थोरला भाऊ
942 _cBOOK
999 _c167761
_d167761